Films Disney par images d'antagonistes #1 - Statistiques

Statistiques générales
  • Ce quiz a été pris 1 273 fois
  • Le résultat moyen est 15 sur 20
Statistiques - réponses
Par images Réponse % Correct
Le Roi lion
99%
Les 101 Dalmatiens
97%
Blanche-Neige et les Sept Nains
95%
Le Livre de la jungle
95%
Cendrillon
94%
Peter Pan
94%
Mulan
93%
La Reine des neiges
88%
Hercule
87%
Raiponce
87%
Robin des Bois
74%
Pocahontas
68%
Le Bossu de Notre-Dame
67%
La Belle et le Clochard
63%
Lilo et Stitch
61%
Les Aventures de Bernard et Bianca
52%
Les Mondes de Ralph
49%
Basil, détective privé
39%
La Planète au trésor
27%
La ferme se rebelle
22%
Aucun quiz correspondant
Distribution des résultats
% des personnes avec chaque résultat
Percentile par nombre de réponses
Votre historique - résultats
Vous n’avez pas pris ce quiz